| 000 | 003660000a22001570004500 | ||
|---|---|---|---|
| 001 | 000251 | ||
| 003 | MACL | ||
| 040 | _aMACL | ||
| 090 |
_c251 _d251 |
||
| 100 | _aSingh, J.L | ||
| 245 |
_a50 Years Of Pachayati Raj And Rural Development _cJ.L Singh |
||
| 260 |
_aManak Publications, _c1998 |
||
| 350 | _a475 | ||
| 650 | _aPublic Administration | ||
| 942 |
_k352 _cBook |
||
| 999 |
_c49558 _d49558 |
||